[Event "Junior Online 4NCL Division 4"]
[Site "online"]
[Date "2021.09.16"]
[EventDate "2021.09.16"]
[Round "3.24"]
[White "Kong, Emma"]
[WhiteElo "1030"]
[WhiteTeam "Young Dragons C"]
[Black "Bhatia, Kanishka"]
[BlackElo "530"]
[BlackTeam "Lenzie Dementors"]
[Result "1-0"]
[PlyCount "171"]

1. e4 e5 2. Nf3 Nf6 3. Nc3 Bc5 4. h3 Nc6 5. Bc4 d6 6. d3 Nd4 7. Be3 c6 8. Bxd4 Bxd4 9. Nxd4 exd4 10. Ne2 b5 11. Bb3 Qa5+ 12. c3 dxc3 13. Nxc3 d5 14. exd5 cxd5 15. Qe2+ Be6 16. O-O b4 17. Nb1 O-O 18. Nd2 Rfe8 19. Qf3 d4 20. Bxe6 fxe6 21. Nc4 Qc5 22. Rfe1 Rac8 23. Re5 Qc6 24. Qxc6 Rxc6 25. Rc1 Nd7 26. Re4 e5 27. Rce1 Rc5 28. f4 Kf7 29. Nd6+ Ke7 30. Nxe8 Kxe8 31. fxe5 Ke7 32. e6 Nf6 33. Rxd4 Rc2 34. Rxb4 Rc7 35. Rc4 Rb7 36. b4 Nd5 37. a3 a5 38. Rc5 Nf4 39. Rxa5 Nxd3 40. Re3 Nf4 41. Kf2 Nxe6 42. Rae5 Rb6 43. Ke2 Kf7 44. Rf3+ Kg8 45. Ke3 Ra6 46. Ra5 Rd6 47. Ra8+ Nd8 48. Ke4 h6 49. Ke5 Rd7 50. Ke4 Kh7 51. Rd3 Re7+ 52. Kf3 Nf7 53. Kf2 Ne5 54. Re3 Rf7+ 55. Ke2 Nc4 56. Rc3 Re7+ 57. Kd3 Ne5+ 58. Kd4 Ng6 59. Rac8 Rd7+ 60. Kc5 Ne5 61. Kb6 Rd6+ 62. Kb7 Rd7+ 63. R8c7 Rd5 64. R3c5 Rd3 65. Rxe5 Rxa3 66. Re4 Ra2 67. g4 Rh2 68. Rc3 Rb2 69. Kc6 Kg6 70. b5 Kg5 71. b6 Kh4 72. b7 g5 73. Kc7 h5 74. gxh5+ Kxh5 75. b8=Q Rxb8 76. Kxb8 g4 77. hxg4+ Kg5 78. Rc5+ Kf6 79. Ra4 Ke6 80. Rh5 Kf6 81. Rb5 Ke6 82. Ra6+ Kd7 83. Rb7+ Kd8 84. Rd6+ Ke8 85. Rdd7 Kf8 86. Rd8# 1-0

[Event "Junior Online 4NCL Division 4"]
[Site "online"]
[Date "2021.09.16"]
[EventDate "2021.09.16"]
[Round "3.25"]
[White "Anandkumar, Govind"]
[WhiteElo "1217"]
[WhiteTeam "Young Dragons C"]
[Black "Tsagkarakis, Georgios"]
[BlackElo "975"]
[BlackTeam "Lenzie Dementors"]
[Result "0-1"]
[PlyCount "44"]

1. e4 e5 2. Nf3 Nc6 3. Bc4 Bc5 4. c3 h6 5. d4 exd4 6. cxd4 Bb4+ 7. Bd2 Bxd2+ 8. Nbxd2 Nge7 9. Qb3 O-O 10. O-O Na5 11. Qa4 Nxc4 12. Qxc4 d5 13. exd5 Nxd5 14. Rfe1 Be6 15. Qb3 Nb6 16. Qc2 c6 17. h3 Qd7 18. Ne5 Qxd4 19. Re4 Qd6 20. Ndf3 Bf5 21. Rd1 Bxe4 22. Rxd6 Bxc2 0-1

[Event "Junior Online 4NCL Division 4"]
[Site "online"]
[Date "2021.09.16"]
[EventDate "2021.09.16"]
[Round "3.26"]
[White "Banerjee, Supratit"]
[WhiteElo "623"]
[WhiteTeam "Lenzie Dementors"]
[Black "Bagga, Khushi"]
[BlackElo "1071"]
[BlackTeam "Young Dragons C"]
[Result "0-1"]
[PlyCount "124"]

1. e4 e5 2. Nf3 Nc6 3. Nc3 Nf6 4. d3 d5 5. exd5 Nxd5 6. Nxd5 Qxd5 7. Be3 Nd4 8. Be2 Bd6 9. O-O O-O 10. c4 Qc5 11. a3 Nxf3+ 12. Bxf3 Qa5 13. Be4 f5 14. Bd5+ Kh8 15. f4 exf4 16. Bxf4 Bxf4 17. Rxf4 c6 18. Bf3 g5 19. b4 Qd8 20. Rxf5 Rxf5 21. Be4 Qd4+ 22. Kh1 Rf2 23. Rb1 Be6 24. Qh5 Qg7 25. Kg1 Ra2 26. Rf1 Bg8 27. h3 Ra1 28. Rxa1 Qxa1+ 29. Kh2 Qe5+ 30. Kg1 Rf8 31. Qg4 Be6 32. Qh5 Bf5 33. Qxg5 Qd4+ 34. Kh2 Bxe4 35. dxe4 Qf6 36. Qe3 Qf4+ 37. Qg3 Qxg3+ 38. Kxg3 Kg7 39. Kg4 Kg6 40. h4 Re8 41. Kf4 Kh5 42. g3 Rf8+ 43. Ke5 Kg4 44. Kd6 Kxg3 45. e5 Kxh4 46. e6 Kg5 47. Ke7 Rg8 48. Kf7 Ra8 49. e7 h5 50. e8=Q Rxe8 51. Kxe8 h4 52. Kd7 h3 53. Kc7 h2 54. Kxb7 h1=Q 55. Kxa7 Qh7+ 56. Kb6 Qd7 57. c5 Kf4 58. a4 Ke4 59. b5 Kd5 60. Ka5 Kxc5 61. b6 Qd8 62. Ka6 Qxb6# 0-1

[Event "Junior Online 4NCL Division 4"]
[Site "online"]
[Date "2021.09.16"]
[EventDate "2021.09.16"]
[Round "3.27"]
[White "Swartz, Edward RG"]
[WhiteElo "1013"]
[WhiteTeam "Young Dragons C"]
[Black "Arya, Aadit"]
[BlackElo "622"]
[BlackTeam "Lenzie Dementors"]
[Result "1-0"]
[PlyCount "107"]

1. e4 e5 2. Nf3 Nc6 3. Bc4 Bc5 4. O-O Nf6 5. Nc3 a6 6. Bb3 d6 7. h3 h5 8. Ng5 Qe7 9. Nxf7 Rf8 10. Ng5 Ng4 11. hxg4 Bxg4 12. Nd5 Qxg5 13. d4 Qh4 14. f3 Bxd4+ 15. Be3 Bxe3+ 16. Nxe3 Qg3 17. Qe1 Nd4 18. Qxg3 Ne2+ 19. Kf2 Nxg3 20. Kxg3 h4+ 21. Kxg4 Rf4+ 22. Kh3 Kd7 23. Nd5 g5 24. Nxf4 gxf4 25. Kxh4 Ke7 26. g3 Rh8+ 27. Kg4 d5 28. Bxd5 c6 29. Bb3 c5 30. gxf4 b5 31. a4 c4 32. axb5 cxb3 33. bxa6 Rg8+ 34. Kh3 bxc2 35. Rfc1 exf4 36. Rg1 Rh8+ 37. Kg2 Rb8 38. Ra2 Rc8 39. Rc1 Rg8+ 40. Kf2 Rh8 41. b3 Rh2+ 42. Ke1 Rh1+ 43. Kd2 Rh2+ 44. Kc3 Rh3 45. Raxc2 Rxf3+ 46. Kb2 Re3 47. a7 f3 48. a8=Q Re2 49. Rxe2 fxe2 50. Qa7+ Ke6 51. Rc6+ Ke5 52. Qc5+ Kf4 53. Rf6+ Kg3 54. Qg5+ 1-0

[Event "Junior Online 4NCL Division 4"]
[Site "online"]
[Date "2021.09.16"]
[EventDate "2021.09.16"]
[Round "3.28"]
[White "Bhatia, Kanishka"]
[WhiteElo "530"]
[WhiteTeam "Lenzie Dementors"]
[Black "Kong, Emma"]
[BlackElo "1030"]
[BlackTeam "Young Dragons C"]
[Result "0-1"]
[PlyCount "92"]

1. e4 e5 2. Nf3 Nc6 3. Bc4 Nf6 4. Ng5 d5 5. exd5 Na5 6. Bb5+ c6 7. dxc6 bxc6 8. Qf3 Qb6 9. Be2 Bg4 10. Qg3 Bxe2 11. Qxe5+ Be7 12. Qxe2 O-O 13. O-O Rfe8 14. Qd3 Qc7 15. b3 h6 16. Nf3 Rad8 17. Qf5 Rd5 18. Qh3 Rh5 19. Qg3 Bd6 20. Ne5 Bxe5 21. f4 Bxa1 22. Nc3 Bxc3 23. dxc3 Qb6+ 24. Be3 Qxe3+ 25. Qxe3 Rxe3 26. Rd1 Rd5 27. Rf1 Rxc3 28. Rf2 Rd1+ 29. Rf1 Rxf1+ 30. Kxf1 Rxc2 31. g3 Rxa2 32. h4 Ng4 33. Ke1 Nxb3 34. Kd1 Rh2 35. f5 f6 36. h5 Kf7 37. Ke1 Ke7 38. Kd1 Kd6 39. Ke1 Ke5 40. Kd1 Kd4 41. Ke1 Ke3 42. Kf1 Kf3 43. Kg1 Kxg3 44. Kf1 Kf3 45. Kg1 Nd4 46. Kf1 Rh1# 0-1

[Event "Junior Online 4NCL Division 4"]
[Site "online"]
[Date "2021.09.16"]
[EventDate "2021.09.16"]
[Round "3.31"]
[White "Sohi, Aarav"]
[WhiteElo "1325"]
[WhiteTeam "Staffordshire Oatcakes"]
[Black "Qiu, Winston"]
[BlackElo "1240"]
[BlackTeam "KCS U13C"]
[Result "1-0"]
[PlyCount "57"]

1. d4 c6 2. c4 g6 3. Nc3 Bg7 4. Nf3 Nf6 5. e4 d6 6. Bf4 Nfd7 7. Bd3 O-O 8. O-O e5 9. Bg5 f6 10. Bh4 exd4 11. Nxd4 Qe8 12. Re1 c5 13. Ndb5 Qd8 14. Nd5 Na6 15. Nxd6 Ne5 16. Nxc8 Nxd3 17. Qxd3 Rxc8 18. e5 Nb4 19. Nxb4 cxb4 20. Qd5+ Qxd5 21. cxd5 fxe5 22. d6 Rf7 23. Be7 Bf8 24. d7 Ra8 25. d8=Q Rxd8 26. Bxd8 Bd6 27. Rad1 Rd7 28. Bf6 e4 29. Be5 1-0

[Event "Junior Online 4NCL Division 4"]
[Site "online"]
[Date "2021.09.16"]
[EventDate "2021.09.16"]
[Round "3.32"]
[White "Shan-Muhammad, Rohan"]
[WhiteElo "1097"]
[WhiteTeam "KCS U13C"]
[Black "Sewell, John"]
[BlackElo "1150"]
[BlackTeam "Staffordshire Oatcakes"]
[Result "0-1"]
[PlyCount "68"]

1. e4 e5 2. Nf3 Nc6 3. Bc4 Bc5 4. b4 Bxb4 5. c3 Ba5 6. d4 d6 7. Qb3 Qd7 8. Ng5 Nxd4 9. Bxf7+ Kf8 10. Qd5 Nc2+ 11. Kd1 Nxa1 12. Qxa5 Qg4+ 13. f3 Qxg2 14. Qxc7 Qc2+ 15. Ke1 Qxc1+ 16. Kf2 Qxg5 17. Rg1 Qe7 18. Qxe7+ Nxe7 19. Bc4 Bd7 20. Na3 Rc8 21. Rxa1 b5 22. Bxb5 Bxb5 23. Nxb5 d5 24. Nxa7 Rxc3 25. exd5 Nxd5 26. Re1 Nf4 27. Rxe5 Nd3+ 28. Kg3 Nxe5 29. a4 Ra3 30. Kf4 Ng6+ 31. Kg4 Kf7 32. Nc6 Rxa4+ 33. Kg5 h6+ 34. Kf5 Rf4# 0-1

[Event "Junior Online 4NCL Division 4"]
[Site "online"]
[Date "2021.09.16"]
[EventDate "2021.09.16"]
[Round "3.33"]
[White "Johal, Amraya K"]
[WhiteElo "1114"]
[WhiteTeam "Staffordshire Oatcakes"]
[Black "Kou, Victor"]
[BlackElo "965"]
[BlackTeam "KCS U13C"]
[Result "0-1"]
[PlyCount "104"]

1. e4 e5 2. Nc3 Nf6 3. Nf3 Nc6 4. Bb5 Bc5 5. Bxc6 dxc6 6. Nxe5 Qe7 7. Nf3 Nxe4 8. Qe2 Nxf2 9. Qxe7+ Kxe7 10. Rf1 Ng4 11. h3 Nf6 12. d3 h6 13. Bf4 Re8 14. O-O-O Bd6 15. Bxd6+ cxd6 16. Rfe1+ Be6 17. Nd4 Kd7 18. Nxe6 Rxe6 19. Rxe6 Kxe6 20. Re1+ Kd7 21. Ne4 Nxe4 22. Rxe4 Re8 23. Kd2 Rxe4 24. dxe4 Ke6 25. Kd3 Ke5 26. g3 d5 27. exd5 cxd5 28. b4 b5 29. a3 a6 30. c3 f5 31. Ke3 g5 32. g4 f4+ 33. Kf3 d4 34. cxd4+ Kxd4 35. h4 Kd3 36. hxg5 hxg5 37. Kf2 Ke4 38. Ke2 f3+ 39. Kf2 Kf4 40. Kg1 Kxg4 41. Kf2 Kf4 42. Kg1 Ke3 43. Kf1 f2 44. a4 bxa4 45. b5 axb5 46. Kg2 Ke2 47. Kh2 f1=Q 48. Kg3 Qf4+ 49. Kg2 Qf3+ 50. Kg1 Qg3+ 51. Kh1 Qg4 52. Kh2 Kf2 0-1

[Event "Junior Online 4NCL Division 4"]
[Site "online"]
[Date "2021.09.16"]
[EventDate "2021.09.16"]
[Round "3.34"]
[White "Hill-Wood, Oliver"]
[WhiteElo "936"]
[WhiteTeam "KCS U13C"]
[Black "Birch, Cara"]
[BlackElo "900"]
[BlackTeam "Staffordshire Oatcakes"]
[Result "1-0"]
[PlyCount "29"]

1. e4 e5 2. Nf3 Nc6 3. d4 exd4 4. Nxd4 Bc5 5. Nc3 Nxd4 6. Be3 Ne6 7. Bxc5 Nxc5 8. e5 d6 9. exd6 cxd6 10. Bb5+ Bd7 11. O-O Bxb5 12. Nxb5 a6 13. Nxd6+ Kf8 14. Qd5 Nd7 15. Qxf7# 1-0

[Event "Junior Online 4NCL Division 4"]
[Site "online"]
[Date "2021.09.16"]
[EventDate "2021.09.16"]
[Round "3.35"]
[White "Qiu, Winston"]
[WhiteElo "1240"]
[WhiteTeam "KCS U13C"]
[Black "Sohi, Aarav"]
[BlackElo "1325"]
[BlackTeam "Staffordshire Oatcakes"]
[Result "1-0"]
[PlyCount "43"]

1. c4 c6 2. d4 d5 3. c5 Nf6 4. e3 g6 5. Nf3 Bg7 6. Bd3 O-O 7. Nc3 Bg4 8. O-O Re8 9. h3 Bxh3 10. gxh3 Qd7 11. Kh2 Nh5 12. e4 dxe4 13. Nxe4 f5 14. Ng3 Nf4 15. Bc4+ Kf8 16. Bxf4 h5 17. Ne5 Bxe5 18. Bxe5 h4 19. Nh1 b5 20. Bb3 Na6 21. Qd2 Nxc5 22. Qh6# 1-0

[Event "Junior Online 4NCL Division 4"]
[Site "online"]
[Date "2021.09.16"]
[EventDate "2021.09.16"]
[Round "3.36"]
[White "Sewell, John"]
[WhiteElo "1150"]
[WhiteTeam "Staffordshire Oatcakes"]
[Black "Shan-Muhammad, Rohan"]
[BlackElo "1097"]
[BlackTeam "KCS U13C"]
[Result "1/2-1/2"]
[PlyCount "204"]

1. d4 e5 2. dxe5 Bc5 3. Nc3 d6 4. e4 Ne7 5. Nf3 Nbc6 6. Be2 dxe5 7. Qxd8+ Nxd8 8. Nxe5 O-O 9. Nd3 Ne6 10. Nxc5 Nxc5 11. Be3 Ne6 12. O-O-O b6 13. h4 h6 14. h5 Bb7 15. Rd7 Nc6 16. f3 Rac8 17. g4 Rfd8 18. Rhd1 Rxd7 19. Rxd7 Ne5 20. Rd2 Rd8 21. Rxd8+ Nxd8 22. f4 Nd7 23. Nd5 c6 24. Ne7+ Kf8 25. Nf5 Nf6 26. e5 Ne4 27. Bd3 c5 28. Nd6 Nxd6 29. exd6 Ne6 30. Kd2 Bc6 31. f5 Nd4 32. c3 Nf3+ 33. Ke2 Ne5 34. g5 hxg5 35. Bxg5 Nxd3 36. Kxd3 f6 37. h6 gxh6 38. Bxh6+ Kf7 39. Bf4 Ke8 40. Ke3 Kd7 41. Kf2 a5 42. Kg3 Ke8 43. Kh4 Kf7 44. Kh5 Kg7 45. Bh6+ Kf7 46. Bf4 b5 47. a3 a4 48. Kh4 c4 49. Kg3 Ke8 50. Kf2 Kd7 51. Ke3 Ke8 52. Kd4 Kd7 53. Kc5 Be4 54. Kxb5 Bxf5 55. Kxc4 Bc2 56. Kb4 Ke6 57. c4 Kd7 58. c5 Kc6 59. Kc4 Bb3+ 60. Kd4 Kd7 61. Ke4 Ke6 62. c6 Bd5+ 63. Kd4 Bxc6 64. Kc4 Kd7 65. Kb4 Ke6 66. b3 axb3 67. Kxb3 Kd7 68. Kb4 Kc8 69. a4 f5 70. a5 Be4 71. a6 Kd7 72. Kc5 Kc8 73. Kb6 Kd7 74. Ka7 Kc8 75. Kb6 Kd7 76. Kc5 Kc8 77. Be5 Kd7 78. a7 Kc8 79. Kb6 Kd7 80. Bf4 Kc8 81. Kc5 Kd7 82. Kd4 Kc8 83. Ke5 Kd7 84. Kf6 Ke8 85. a8=Q+ Bxa8 86. Kxf5 Kd7 87. Kf6 Bc6 88. Be5 Bb5 89. Kf7 Bc6 90. Kf6 Bb7 91. Kf5 Bc6 92. Kf4 Bb7 93. Ke3 Bc6 94. Kd4 Bb7 95. Kc5 Bh1 96. Bg3 Bg2 97. Kb6 Bf3 98. Kc5 Be4 99. Kd4 Ba8 100. Ke5 Bb7 101. Bf2 Bc6 102. Bb6 Bh1 1/2-1/2

[Event "Junior Online 4NCL Division 4"]
[Site "online"]
[Date "2021.09.16"]
[EventDate "2021.09.16"]
[Round "3.37"]
[White "Kou, Victor"]
[WhiteElo "965"]
[WhiteTeam "KCS U13C"]
[Black "Johal, Amraya K"]
[BlackElo "1114"]
[BlackTeam "Staffordshire Oatcakes"]
[Result "1-0"]
[PlyCount "61"]

1. e4 e5 2. Nf3 Nc6 3. Bc4 Nf6 4. Ng5 d5 5. exd5 Nxd5 6. Nxf7 Qd7 7. Nxh8 Nd8 8. Qf3 Nb4 9. O-O Nxc2 10. Qh5+ g6 11. Qxe5+ Be7 12. Qg7 Qf5 13. Qg8+ Qf8 14. Qxh7 Bf5 15. Nxg6 Qf6 16. Qg8+ Kd7 17. Nxe7 Qxe7 18. Qd5+ Ke8 19. Qxf5 Nxa1 20. Qg6+ Kd7 21. Qd3+ Kc8 22. Qf5+ Kb8 23. Nc3 a5 24. Qb1 Ra7 25. Qxa1 Qc5 26. Bg8 Ra6 27. Na4 Qc6 28. b3 Qb5 29. Qd4 Qh5 30. Qxd8+ Ka7 31. Qxc7 1-0

[Event "Junior Online 4NCL Division 4"]
[Site "online"]
[Date "2021.09.16"]
[EventDate "2021.09.16"]
[Round "3.38"]
[White "Birch, Cara"]
[WhiteElo "900"]
[WhiteTeam "Staffordshire Oatcakes"]
[Black "Hill-Wood, Oliver"]
[BlackElo "936"]
[BlackTeam "KCS U13C"]
[Result "0-1"]
[PlyCount "80"]

1. d4 d5 2. Nf3 Nf6 3. Bg5 Nc6 4. e3 h6 5. Bxf6 exf6 6. Bb5 Bd6 7. Nc3 Bg4 8. Be2 O-O 9. O-O Bxf3 10. Bxf3 Ne7 11. Nxd5 Nxd5 12. Bxd5 c6 13. Be4 Bc7 14. d5 Qd6 15. Re1 Qxh2+ 16. Kf1 Qh1+ 17. Ke2 Qh5+ 18. Bf3 Qe5 19. Qd4 cxd5 20. Qxd5 Qxb2 21. Rab1 Qxc2+ 22. Kf1 Be5 23. Qc5 Qxc5 24. Rbc1 Qb5+ 25. Be2 Qd7 26. Rb1 Rfe8 27. f4 Bc3 28. Rec1 Bd2 29. Rd1 Qf5 30. Rb2 Bxe3 31. Bc4 Qxf4+ 32. Ke2 Bd4+ 33. Kd3 Rad8 34. Rxb7 Bb6+ 35. Kc3 Rxd1 36. Bxf7+ Kh7 37. Bxe8 Qd4+ 38. Kc2 Rd2+ 39. Kc1 Qc3+ 40. Kb1 Qb2# 0-1

[Event "Junior Online 4NCL Division 4"]
[Site "online"]
[Date "2021.09.16"]
[EventDate "2021.09.16"]
[Round "3.41"]
[White "Shi, Shaoting"]
[WhiteElo "1211"]
[WhiteTeam "London Dragons Dysprosium"]
[Black "Sajid, Saad"]
[BlackElo "1380"]
[BlackTeam "Chess Challengers B"]
[Result "1-0"]
[PlyCount "29"]

1. e4 e5 2. Nf3 Nc6 3. Bc4 Bc5 4. c3 Nf6 5. d4 exd4 6. cxd4 Bb4+ 7. Nc3 Nxe4 8. O-O Nxc3 9. bxc3 Bxc3 10. Qb3 Bxa1 11. Bxf7+ Kf8 12. Bg5 Ne7 13. Ne5 d6 14. Bg6 Nxg6 15. Qf7# 1-0

[Event "Junior Online 4NCL Division 4"]
[Site "online"]
[Date "2021.09.16"]
[EventDate "2021.09.16"]
[Round "3.42"]
[White "Srinivasan, Raghav"]
[WhiteElo "1271"]
[WhiteTeam "Chess Challengers B"]
[Black "Wang, Hantin"]
[BlackElo "1270"]
[BlackTeam "London Dragons Dysprosium"]
[Result "1-0"]
[PlyCount "60"]

1. e4 c5 2. Nf3 Nc6 3. d4 cxd4 4. Nxd4 g6 5. Nxc6 bxc6 6. Nc3 Bg7 7. Bd2 d6 8. Bd3 Bd7 9. O-O Nf6 10. Rb1 O-O 11. f4 Rb8 12. f5 Qc7 13. fxg6 fxg6 14. Qc1 Rfe8 15. Bh6 Bh8 16. Bc4+ e6 17. Qg5 Qd8 18. Bb3 Qe7 19. Rbe1 Bg7 20. Bxg7 Kxg7 21. e5 Ng8 22. Qxe7+ Nxe7 23. exd6 Nd5 24. Nxd5 cxd5 25. Rf2 Bb5 26. Rf3 Rbd8 27. Rfe3 Rxd6 28. h3 d4 29. Rxe6 Rd7 30. Rxe8 Rf7 1-0

[Event "Junior Online 4NCL Division 4"]
[Site "online"]
[Date "2021.09.16"]
[EventDate "2021.09.16"]
[Round "3.43"]
[White "Pan, Ailun"]
[WhiteElo "1220"]
[WhiteTeam "London Dragons Dysprosium"]
[Black "Sridharan, Rithvik"]
[BlackElo "1316"]
[BlackTeam "Chess Challengers B"]
[Result "0-1"]
[PlyCount "72"]

1. e4 e5 2. Nf3 Nc6 3. Bc4 Bc5 4. O-O Nf6 5. Nc3 d6 6. h3 O-O 7. d3 h6 8. Be3 Bb6 9. Bxb6 axb6 10. Re1 Be6 11. Bxe6 fxe6 12. d4 exd4 13. Nxd4 Nxd4 14. Qxd4 e5 15. Qb4 Nh5 16. Re3 Qf6 17. Rf1 Nf4 18. Qc4+ Kh8 19. Qxc7 Qg5 20. Rg3 Qf6 21. Qxb7 Rab8 22. Qa7 Qf7 23. Qa3 Qd7 24. Qb4 d5 25. exd5 Nxd5 26. Nxd5 Qxd5 27. Qe7 Rf7 28. Qa7 Rxa7 29. a3 Qc5 30. c3 Qb5 31. b4 Rxa3 32. Rd1 Qe2 33. Rd7 Ra1+ 34. Kh2 Qxf2 35. Rgxg7 Qf4+ 36. Rg3 Rg8 0-1

[Event "Junior Online 4NCL Division 4"]
[Site "online"]
[Date "2021.09.16"]
[EventDate "2021.09.16"]
[Round "3.44"]
[White "Sharavana, Harshith"]
[WhiteElo "1236"]
[WhiteTeam "Chess Challengers B"]
[Black "Song, Ruien"]
[BlackElo "1018"]
[BlackTeam "London Dragons Dysprosium"]
[Result "1-0"]
[PlyCount "63"]

1. e4 c5 2. Bc4 e6 3. f4 Nf6 4. e5 Ng8 5. Nc3 d5 6. Bb5+ Bd7 7. Bxd7+ Nxd7 8. Nf3 f6 9. d3 c4 10. dxc4 dxc4 11. b3 cxb3 12. axb3 fxe5 13. fxe5 Bc5 14. Ng5 Nxe5 15. Qxd8+ Rxd8 16. Nxe6 Rc8 17. Nxg7+ Kf7 18. Nf5 Kf6 19. Ng3 Bd4 20. Nce4+ Ke6 21. Ra4 Bb6 22. Ng5+ Ke7 23. Ba3+ Ke8 24. Re4 Bc7 25. Nf5 Nf6 26. Ng7+ Kd7 27. Rd4+ Kc6 28. O-O Bb6 29. Rxf6+ Kb5 30. c4+ Ka5 31. c5 Rxc5 32. b4+ 1-0

[Event "Junior Online 4NCL Division 4"]
[Site "online"]
[Date "2021.09.16"]
[EventDate "2021.09.16"]
[Round "3.45"]
[White "Sajid, Saad"]
[WhiteElo "1380"]
[WhiteTeam "Chess Challengers B"]
[Black "Shi, Shaoting"]
[BlackElo "1211"]
[BlackTeam "London Dragons Dysprosium"]
[Result "0-1"]
[PlyCount "74"]

1. e4 c5 2. Nf3 d6 3. d4 cxd4 4. Nxd4 Nf6 5. Nc3 g6 6. Be2 Bg7 7. O-O O-O 8. Bg5 e5 9. Nf3 Nc6 10. Nd5 Be6 11. Nxf6+ Bxf6 12. Bxf6 Qxf6 13. Qxd6 Rfd8 14. Qc7 Rd7 15. Qxd7 Bxd7 16. Rad1 Bg4 17. Rd2 Bxf3 18. Bxf3 Nd4 19. Be2 Qf4 20. Rdd1 Nxe2+ 21. Kh1 Qxe4 22. f3 Qxc2 23. Rde1 Rd8 24. Rxe2 Qxe2 25. Rg1 Rd1 26. h3 Rxg1+ 27. Kxg1 Qxb2 28. Kh2 Qxa2 29. Kg3 b5 30. Kh2 b4 31. Kg3 b3 32. Kh2 b2 33. Kg3 b1=Q 34. Kh2 Qf1 35. Kg3 Qfxg2+ 36. Kh4 Qc4+ 37. f4 Qxf4# 0-1

[Event "Junior Online 4NCL Division 4"]
[Site "online"]
[Date "2021.09.16"]
[EventDate "2021.09.16"]
[Round "3.46"]
[White "Wang, Hantin"]
[WhiteElo "1270"]
[WhiteTeam "London Dragons Dysprosium"]
[Black "Srinivasan, Raghav"]
[BlackElo "1271"]
[BlackTeam "Chess Challengers B"]
[Result "0-1"]
[PlyCount "70"]

1. d4 Nf6 2. c4 g6 3. Nf3 Bg7 4. Nc3 d6 5. e4 O-O 6. Be3 Nc6 7. g3 b6 8. Bg2 Bb7 9. d5 Nb8 10. b4 Nbd7 11. a4 Ba6 12. b5 Bb7 13. O-O Nc5 14. Bxc5 dxc5 15. a5 Nd7 16. a6 Bxa6 17. Rxa6 Bxc3 18. Qe2 Ne5 19. Nxe5 Bxe5 20. f4 Bd4+ 21. Kh1 Bc3 22. f5 Ba5 23. Qg4 Qd7 24. h4 h5 25. Qg5 Kh7 26. Bh3 Qd6 27. g4 hxg4 28. Bxg4 Rg8 29. h5 gxh5 30. Qxh5+ Qh6 31. Qxh6+ Kxh6 32. Rg1 Rh8 33. e5 Kg5+ 34. Kg2 Kxg4 35. Kf2+ Kxf5 0-1

[Event "Junior Online 4NCL Division 4"]
[Site "online"]
[Date "2021.09.16"]
[EventDate "2021.09.16"]
[Round "3.47"]
[White "Sridharan, Rithvik"]
[WhiteElo "1316"]
[WhiteTeam "Chess Challengers B"]
[Black "Pan, Ailun"]
[BlackElo "1220"]
[BlackTeam "London Dragons Dysprosium"]
[Result "1/2-1/2"]
[PlyCount "90"]

1. e4 e5 2. Nf3 Nc6 3. Nc3 Nf6 4. d4 Bb4 5. dxe5 Nxe4 6. Bd2 Nxd2 7. Qxd2 O-O 8. Qd3 Nxe5 9. Nxe5 Re8 10. Qd5 Qf6 11. O-O-O Rxe5 12. Qd4 Bc5 13. Nd5 Qh6+ 14. Qd2 Rxd5 15. Qxh6 Rxd1+ 16. Kxd1 gxh6 17. Bc4 Bxf2 18. Rf1 d5 19. Bxd5 c6 20. Bc4 Bg4+ 21. Be2 Bxe2+ 22. Kxe2 Bd4 23. c3 Bg7 24. Rd1 Re8+ 25. Kf3 Re7 26. Rd8+ Bf8 27. g4 b5 28. Rd6 Re3+ 29. Kxe3 Bxd6 30. h4 Kg7 31. Kd4 Kf6 32. c4 bxc4 33. Kxc4 a6 34. b4 Ke5 35. a4 f5 36. gxf5 Kxf5 37. b5 axb5+ 38. axb5 cxb5+ 39. Kxb5 Kg4 40. Kc4 Kxh4 41. Kd3 Kg3 42. Ke2 h5 43. Kf1 h4 44. Kg1 Bc5+ 45. Kh1 Kh3 1/2-1/2

[Event "Junior Online 4NCL Division 4"]
[Site "online"]
[Date "2021.09.16"]
[EventDate "2021.09.16"]
[Round "3.48"]
[White "Song, Ruien"]
[WhiteElo "1018"]
[WhiteTeam "London Dragons Dysprosium"]
[Black "Sharavana, Harshith"]
[BlackElo "1236"]
[BlackTeam "Chess Challengers B"]
[Result "1-0"]
[PlyCount "109"]

1. e4 e5 2. Bc4 Nf6 3. Nc3 Nc6 4. d3 h6 5. Nf3 d6 6. h3 Be6 7. Bxe6 fxe6 8. b3 d5 9. exd5 exd5 10. Ne2 Bc5 11. Bb2 Qd6 12. d4 exd4 13. Nfxd4 Nxd4 14. Nxd4 O-O-O 15. O-O h5 16. Re1 Qb6 17. Re6 c6 18. a4 Bxd4 19. Bxd4 Qxd4 20. Qxd4 Kb8 21. Qe5+ Kc8 22. a5 a6 23. Rxf6 gxf6 24. Qxf6 Rdf8 25. Qe6+ Kc7 26. Qe3 Kb8 27. Qb6 Rhg8 28. Re1 Rf7 29. f3 Rfg7 30. Re2 h4 31. f4 Rf8 32. Rf2 Rgf7 33. f5 Rxf5 34. Rxf5 Rxf5 35. Qd8+ Ka7 36. Qxh4 b6 37. axb6+ Kxb6 38. Qd4+ c5 39. Qd3 Re5 40. Qf3 Re1+ 41. Kh2 Rc1 42. Qc3 d4 43. Qc4 d3 44. Qxd3 Ka5 45. h4 Kb4 46. h5 a5 47. h6 c4 48. bxc4 a4 49. h7 a3 50. h8=Q a2 51. Qb8+ Kc5 52. Qc8+ Kb4 53. Qb3+ Ka5 54. Qc5+ Ka6 55. Qbb5# 1-0

[Event "Junior Online 4NCL Division 4"]
[Site "online"]
[Date "2021.09.16"]
[EventDate "2021.09.16"]
[Round "3.51"]
[White "Hoccom, Sebastian"]
[WhiteElo "1040"]
[WhiteTeam "Young Dragons D"]
[Black "Siriwardana, Dinil"]
[BlackElo "1236"]
[BlackTeam "KEGS B"]
[Result "0-1"]
[PlyCount "28"]

1. e4 e5 2. Nf3 Nc6 3. Nc3 Bc5 4. Bc4 Nf6 5. h3 O-O 6. O-O d6 7. d3 h6 8. Qe2 Ng4 9. hxg4 Bxg4 10. Qd1 Nd4 11. Bxh6 Qf6 12. Bxg7 Qxg7 13. Bd5 Nxf3+ 14. Kh1 Qh6# 0-1

[Event "Junior Online 4NCL Division 4"]
[Site "online"]
[Date "2021.09.16"]
[EventDate "2021.09.16"]
[Round "3.52"]
[White "Scola, George"]
[WhiteElo "1300"]
[WhiteTeam "KEGS B"]
[Black "Dafydd, Cai"]
[BlackElo "843"]
[BlackTeam "Young Dragons D"]
[Result "1-0"]
[PlyCount "47"]

1. e4 e5 2. Nc3 Nf6 3. f4 exf4 4. d4 Nc6 5. Bxf4 Bb4 6. Bd2 d6 7. d5 Bg4 8. Nf3 Nd4 9. Be2 Qe7 10. Nxd4 Bxe2 11. Ndxe2 Bxc3 12. Nxc3 O-O 13. O-O Rfe8 14. Qf3 c6 15. dxc6 bxc6 16. Rf2 Qe6 17. Raf1 Re7 18. Bg5 Rae8 19. Bxf6 gxf6 20. Qg3+ Kh8 21. Rxf6 Qf5 22. R1xf5 Rb7 23. Rxf7 Rxb2 24. Qg7# 1-0

[Event "Junior Online 4NCL Division 4"]
[Site "online"]
[Date "2021.09.16"]
[EventDate "2021.09.16"]
[Round "3.53"]
[White "Dafydd, Gruff"]
[WhiteElo "644"]
[WhiteTeam "Young Dragons D"]
[Black "Innani, Nipun"]
[BlackElo "1000"]
[BlackTeam "KEGS B"]
[Result "0-1"]
[PlyCount "62"]

1. e4 e5 2. Nf3 Nf6 3. Nxe5 Nc6 4. Nxc6 dxc6 5. e5 Ne4 6. Qf3 f5 7. Bc4 Bc5 8. Qh5+ g6 9. Qf3 Bxf2+ 10. Kf1 Nxd2+ 11. Bxd2 Bd4 12. Qa3 Bxe5 13. Qa4 b5 14. Qb3 bxc4 15. Qe3 Qe7 16. b3 Bxa1 17. Qf4 Ba6 18. Bc3 cxb3+ 19. Kf2 Bxc3 20. Nxc3 bxc2 21. Qf3 Qa3 22. Qe3+ Kd7 23. Qd3+ Kc8 24. Qd2 Qb2 25. Rc1 Rd8 26. Rd1 Rxd2+ 27. Rxd2 Qxc3 28. Re2 Bxe2 29. Kxe2 c1=Q 30. Kf2 Q1d2+ 31. Kg1 Qcc1# 0-1

[Event "Junior Online 4NCL Division 4"]
[Site "online"]
[Date "2021.09.16"]
[EventDate "2021.09.16"]
[Round "3.55"]
[White "Siriwardana, Dinil"]
[WhiteElo "1236"]
[WhiteTeam "KEGS B"]
[Black "Hoccom, Sebastian"]
[BlackElo "1040"]
[BlackTeam "Young Dragons D"]
[Result "0-1"]
[PlyCount "124"]

1. e4 e5 2. Bc4 Nc6 3. Nc3 Nf6 4. Nf3 Bc5 5. O-O O-O 6. d3 h6 7. h3 Bd4 8. Nxd4 exd4 9. Ne2 d6 10. c3 dxc3 11. Nxc3 Be6 12. Qf3 Nd4 13. Qg3 Bxc4 14. dxc4 Nxe4 15. Nxe4 Ne2+ 16. Kh1 Nxg3+ 17. fxg3 d5 18. cxd5 Qxd5 19. Nc3 Qc4 20. Bf4 c6 21. a3 Rfe8 22. Rac1 Qb3 23. Rb1 Re6 24. Bd2 Rae8 25. Rf4 g5 26. Rb4 Qc2 27. Rd4 c5 28. Rd7 R6e7 29. Rd5 Qb3 30. Rxc5 Qb6 31. Rb5 Qg6 32. Nd5 Qxb1+ 33. Kh2 Re6 34. Nc7 b6 35. h4 Qc2 36. Nxe8 Rxe8 37. Bc3 g4 38. Rh5 Qg6 39. Rd5 Re1 40. Bxe1 Qb1 41. Bc3 Qe4 42. Rd8+ Kh7 43. Rh8+ Kg6 44. Rg8+ Kh5 45. Rh8 f5 46. Bg7 Qe6 47. b4 b5 48. Rb8 f4 49. Rxb5+ Kg6 50. Bd4 fxg3+ 51. Kxg3 Qd6+ 52. Kxg4 Qxd4+ 53. Kh3 Qd3+ 54. g3 Qxb5 55. h5+ Qxh5+ 56. Kg2 Qe2+ 57. Kg1 Qb2 58. g4 h5 59. gxh5+ Kxh5 60. b5 Kg4 61. a4 Kf3 62. b6 Qg2# 0-1